000 00694nam a2200133Ia 4500
008 171212s9999 xx 000 0 und d
020 _a9780833050151
100 _aStecher, Brian M.;Camm, Frank;Damberg, Cheryl L.;Hamilton, Laura S.;Mullen, Kathleen J.
245 _cStecher, Brian M.;Camm, Frank;Damberg, Cheryl L.;Hamilton, Laura S.;Mullen, Kathleen J.
_aToward a Culture of Consequences
_bPerformance-Based Accountability Systems for Public Services
260 _bRAND Corporation
_c2010
650 _aEducation
650 _aGovernment accountability -- United States; Organizational effectiveness -- United States; Performance -- Management
856 _uwww.jstor.org/stable/10.7249/mg1019
999 _c352744
_d352744